000 002380000a22000970004500
100 1 _aOrtiz, Loida A.
245 1 0 _a¿Por qué a mi?
300 _aVol. 56, Núm 255 (2001), Páginas 4-5
773 0 _tLa Biblia de las Américas
942 _cANA
999 _c51639
_d51639